Select the Oceanian Country - Statistics

General Stats
  • This quiz has been taken 158 times
  • The average score is 8 of 14
Answers on the Map
Answers color-coded by a green-red scale on the quiz's map according to % correct below.
 
Answer Stats
Answer % Correct
Australia
95%
New Zealand
86%
Papua New Guinea
76%
Fiji
58%
Federated States of Micronesia
55%
Kiribati
53%
Solomon Islands
52%
Marshall Islands
50%
Samoa
47%
Tonga
45%
Palau
42%
Nauru
41%
Tuvalu
39%
Vanuatu
39%
No matching quizzes found
Score Distribution
Percent of People with Each Score
Percentile by Number Answered
Your Score History
You have not taken this quiz